| 000 | 00415nam a2200097Ia 4500 | ||
|---|---|---|---|
| 008 | 180130s9999 xx 000 0 und d | ||
| 245 |
_cAlotaiby, Fahad; Foda, Salah; Alkharashi, Ibrahim _aNew approaches to automatic headline generation for Arabic documents |
||
| 260 | _c2016 | ||
| 300 | _aBook title: Innovations in computer science and engineering--Acession number C20551; pages 114-128 | ||
| 650 | _aCOMPUTER SCIENCE | ||
| 999 |
_c353747 _d353747 |
||